000 00835nam a2200253Ia 4500
001 11043
003 GE_BSU
008 181216s||||||||xx |||||||||||||| ||und||
020 _a9785951805485
040 _cGE_BSU
080 _a616-073.75(075.8)
100 _aКоролюк,И.П, Линденбратен,Л.Д.
245 _aЛучевая диагностика:Учебник.
245 _bУчебная литература для студентов медицинских вузов.
245 _cХуд.ред.Ф.В.Минаичев.
250 _a3-е изд,перераб.и доп.
260 _aМосква
260 _bИздательство Бином.
260 _c2013.
300 _a496стр,илл,25см.
541 _h54л.
653 _aЛучевая диагностика.
942 _cBK
999 _c44285
_d44285